|
|
|
|
| LEADER |
00795nam a2200217 a 4500 |
| 001 |
28767 |
| 003 |
BD-DhAAL |
| 005 |
20150114110700.0 |
| 008 |
150114s2014 bg ar f0 a0eng d |
| 040 |
|
|
|a BD-DhAAL
|c BD-DhAAL
|
| 082 |
0 |
0 |
|a 354.549200722
|2 22
|
| 245 |
0 |
0 |
|a Annual Budget 2014-2015:
|b annual financial statement
|
| 260 |
|
|
|a Dhaka :
|b Ministry of Finance, Finance Division.
|c 2014
|
| 300 |
|
|
|a 20 p. :
|b ill. ;
|c 28 cm.
|
| 541 |
|
|
|a 28767
|
| 650 |
|
0 |
|a Budget
|z Bangladesh
|9 3808
|
| 710 |
2 |
|
|a Ministry of Finance,Finance Division
|9 3505
|
| 852 |
1 |
|
|a Ayesha Abed Library
|j General shelf
|
| 942 |
|
|
|2 ddc
|c BK
|
| 999 |
|
|
|c 33478
|d 33478
|
| 952 |
|
|
|0 0
|1 0
|2 ddc
|4 0
|6 354_549200722000000_ANN
|7 0
|9 44754
|a BRACUL
|b BRACUL
|c GEN
|d 2015-01-14
|l 1
|o 354.549200722 ANN
|p 3010028767
|r 2017-06-05
|s 2017-05-23
|t 1
|w 2015-01-14
|y BK
|